Nivelación de tierras /

Guardado en:
Autor Principal: Vázquez Guzmán, Antonino.
Otros Autores: Cano Muñoz, Juan.
Formato: Libro
Idioma:Spanish
Publicado: Madrid : Ministerio de Agricultura, Pesca y Alimentación : Mundi-Prensa, 1997.
Etiquetas: Agregar Etiqueta
Sin Etiquetas, Sea el primero en etiquetar este registro!
LEADER 00620nam a22001695a 4500
001 EEA.libagro007299
005 20180605124713.0
008 130809s1997####sp#a##########000#0#spa#d
020 |a 8449103177 (MAPA) 
020 |a 8471147025 (Mundi-Prensa) 
082 0 4 |a 631.4 
100 1 |a Vázquez Guzmán, Antonino. 
245 1 0 |a Nivelación de tierras /  |c Antonino Vázquez Guzmán, Juan Cano Muñoz. 
260 |a Madrid :  |b Ministerio de Agricultura, Pesca y Alimentación :  |b Mundi-Prensa,  |c 1997. 
300 |a 251 p. :  |b il., fot., gráf. ;  |c 24 cm. 
700 1 |a Cano Muñoz, Juan. 
859 |a AR-BbBCA  |b BIB. AGRONOMIA  |h 631.4  |i V393  |p 2004/4670